| 000 | 00860nam a2200265 a 4500 | ||
|---|---|---|---|
| 001 | 000044382 | ||
| 003 | DO-SdBNP | ||
| 005 | 20180402085907.0 | ||
| 007 | 000044382 | ||
| 008 | 140626s20uu dr a 000 0 spa d | ||
| 040 |
_aBPMSU _bspa _cBPMSU |
||
| 092 |
_axxxx _bxxxx |
||
| 100 | 1 | _aLuciano López, Margarita | |
| 245 | 1 | 0 |
_aSenderos de paz : _bcuentos para niños / _cMargarita Luciano López. |
| 260 |
_aSanto Domingo : _bCICAP, _c[199?] |
||
| 300 |
_a24 p. : _bil. ; _c24 cm. |
||
| 500 | _aIncluye datos biográficos de la autora en la solapa de la contracubierta | ||
| 590 | _aLa biblioteca posee un ejemplar autografiado por la autora | ||
| 930 | 1 |
_l _m _8 _f _p _g |
|
| 942 |
_2ddc _cBK |
||
| 945 | _aInventariado infantil dom / 2017 VM | ||
| 956 |
_a _b _c _l _h |
||
| 956 |
_a _b _c _l _h |
||
| 956 |
_aVMATEO _b10 _c20150505 _lBPMSU _h00151 |
||
| 999 |
_c7787 _d7787 |
||